00495nam a2200157Ia 450000500170000000800410001708200130005810000230007124500330009426000380012730000240016550000280018994200060021795200990022399900150032220250508011959.0240331s9999 xx 000 0 und d bBALa894 aBalasubramaniam, R 0aVasantham vanthu Poividdathu aChennaibKumaran Publishersc1997 aVi, 215 p ., ( C 2) aA Social novel In Tamil cL 001040708LaWERCLbWERCLcSSCd2024-03-31l0o 894.811 BALp6200r2024-03-31w2024-03-31yL c4336d4336